000 00450nam a2200181Ia 4500
001 5089
005 20260306145842.0
008 260306t2007||||xx |||||||||||||| ||spa||
041 _aESP
082 _a332.678
_bS716
100 _aSapag Chaín, Nassir
_eAUT
245 0 _aProyectos de inversión:
_bformulación y evaluación
260 _c2007
300 _a488 páginas :
_c23 cm.
650 _aGEN
654 _aCAN
942 _cLIB
_dJUS
_fJUS
_2ddc
_n
999 _c5089
_d5089